[Event "Titled Tue 10th Jun Late"]
[Site "chess.com INT"]
[Date "2025.06.10"]
[Round "2"]
[White "Marchesich, Giovanni"]
[Black "Papacek, Stepan"]
[Result "0-1"]
[WhiteTitle "CM"]
[BlackTitle "FM"]
[WhiteElo "2189"]
[BlackElo "2225"]
[WhiteFideId "2824790"]
[BlackFideId "301035"]
[EventDate "2025.06.10"]

1. d4 e6 2. Nc3 d5 3. Bf4 a6 4. e3 c5 5. Nf3 Nc6 6. Bd3 Nf6 7. O-O Be7 8. dxc5
Qa5 9. Re1 Qxc5 10. e4 dxe4 11. Nxe4 Nxe4 12. Rxe4 O-O 13. Ne5 Bf6 14. Rc4 Qb6
15. Nxc6 bxc6 16. Rb1 Bb7 17. Qh5 g6 18. Qh6 Bg7 19. Qh3 c5 20. Be3 Rac8 21. b4
Bd5 22. Bxc5 Qb7 23. Bxf8 Bxc4 24. Bxg7 Kxg7 25. Bxc4 Rxc4 26. Qb3 Qc6 27. Rb2
Rc3 28. b5 Rxb3 29. bxc6 Rxb2 30. g3 Rxc2 0-1

[Event "Titled Tue 10th Jun Late"]
[Site "chess.com INT"]
[Date "2025.06.10"]
[Round "2"]
[White "Davtyan, Artur"]
[Black "Jasinski, Alexander"]
[Result "1-0"]
[WhiteTitle "IM"]
[WhiteElo "2472"]
[BlackElo "1989"]
[WhiteFideId "13308327"]
[BlackFideId "55627994"]
[EventDate "2025.06.10"]

1. d4 Nf6 2. c4 g6 3. Nc3 Bg7 4. e4 O-O 5. Be2 d6 6. Nf3 e5 7. O-O exd4 8. Nxd4
Re8 9. f3 Nc6 10. Be3 Nh5 11. Qd2 Nf4 12. Nxc6 Nxe2+ 13. Nxe2 bxc6 14. Bd4 c5
15. Bxg7 Kxg7 16. Nc3 Be6 17. b3 Qf6 18. Rad1 Red8 19. f4 Bg4 20. Nd5 Qh4 21.
Qc3+ Kh6 22. Rd3 f5 23. Nf6 Rf8 24. e5 g5 25. fxg5+ Qxg5 26. Rh3+ Kg6 27. Nxh7
Qe7 28. Nxf8+ Rxf8 29. exd6 cxd6 30. Re3 Qf7 31. h3 Bh5 32. Rg3+ Kh7 33. Rxf5
Qe7 34. Rxh5# 1-0

[Event "Titled Tue 10th Jun Late"]
[Site "chess.com INT"]
[Date "2025.06.10"]
[Round "2"]
[White "Kislinsky, Alexey"]
[Black "Harish, Neeraj"]
[Result "1-0"]
[WhiteTitle "GM"]
[BlackTitle "CM"]
[WhiteElo "2341"]
[BlackElo "2192"]
[WhiteFideId "14108801"]
[BlackFideId "30958130"]
[EventDate "2025.06.10"]

1. d4 d5 2. c4 c6 3. e3 Nf6 4. Bd3 Bg4 5. Qc2 e6 6. Nd2 Nbd7 7. Ngf3 Bd6 8. O-O
O-O 9. b3 Bh5 10. Bb2 Bg6 11. e4 dxe4 12. Nxe4 Nxe4 13. Bxe4 Bxe4 14. Qxe4 Nf6
15. Qe2 h6 16. Rad1 Qc7 17. Rd3 Rad8 18. Rfd1 a5 19. Ne5 Nd7 20. Nxd7 Qxd7 21.
d5 exd5 22. cxd5 cxd5 23. Rxd5 Qc7 24. Qg4 f5 25. Qxg7+ Qxg7 26. Bxg7 Bxh2+ 27.
Kxh2 Rxd5 28. Rxd5 Kxg7 29. Rxa5 Kg6 30. Rb5 Rf7 31. Kg3 Kg5 32. Rb6 Rc7 33. f3
Rc2 34. a4 Rc7 35. a5 Rd7 36. b4 Rc7 37. Kh3 Rd7 38. g3 Rc7 39. f4+ Kh5 40. Rf6
Rc4 41. Rxf5+ Kg6 42. Rb5 Rc7 43. Kg4 1-0

[Event "Titled Tue 10th Jun Late"]
[Site "chess.com INT"]
[Date "2025.06.10"]
[Round "2"]
[White "Puzyrevsky, Semyon"]
[Black "Vifleemskaia, Svetlana"]
[Result "1-0"]
[WhiteTitle "FM"]
[BlackTitle "WFM"]
[WhiteElo "2292"]
[BlackElo "1942"]
[WhiteFideId "24240931"]
[BlackFideId "4129490"]
[EventDate "2025.06.10"]

1. e4 e5 2. Nf3 Nc6 3. Bc4 Nf6 4. d3 Be7 5. O-O O-O 6. Re1 h6 7. c3 d6 8. h3 Re8
9. Bb3 Bf8 10. Nbd2 d5 11. Qe2 d4 12. Nf1 a6 13. Ng3 Be6 14. Bc2 g6 15. cxd4
Nxd4 16. Nxd4 Qxd4 17. Qf3 Nd7 18. Ne2 Qd6 19. Be3 c5 20. Qg3 Bg7 21. Rad1 b5
22. Bb1 Rac8 23. Qh4 Qe7 24. Qg3 Qd6 25. d4 cxd4 26. Nxd4 Qe7 27. Nf5 Bxf5 28.
exf5 g5 29. h4 Bf6 30. hxg5 hxg5 31. Rxd7 Qxd7 32. Bxg5 Kg7 33. Bxf6+ Kxf6 34.
Qh4+ Kg7 35. f6+ 1-0

[Event "Titled Tue 10th Jun Late"]
[Site "chess.com INT"]
[Date "2025.06.10"]
[Round "2"]
[White "Demchenko, Yaroslav"]
[Black "Buchenau, Frank"]
[Result "1-0"]
[WhiteTitle "CM"]
[BlackTitle "FM"]
[WhiteElo "2263"]
[BlackElo "2205"]
[WhiteFideId "14186667"]
[BlackFideId "4604350"]
[EventDate "2025.06.10"]

1. Nf3 Nf6 2. b3 b6 3. Bb2 Bb7 4. e3 g6 5. d4 Bg7 6. Bd3 O-O 7. Nbd2 c5 8. O-O
Nc6 9. c4 cxd4 10. exd4 d5 11. Rc1 Rc8 12. Re1 dxc4 13. bxc4 Nh5 14. Nb3 Bh6 15.
d5 Nb4 16. Bb1 Re8 17. Ne5 f6 18. Nxg6 hxg6 19. Bxg6 Nf4 20. Qg4 Kh8 21. Bxe8
Qxe8 22. Bxf6+ Kh7 23. Rxe7+ Qxe7 24. Bxe7 Rg8 25. Qf5+ Rg6 26. g3 Ne2+ 27. Kg2
Nxc1 28. Nxc1 Bxc1 29. Bxb4 b5 30. c5 Kh6 31. c6 Ba6 32. Bf8+ 1-0

[Event "Titled Tue 10th Jun Late"]
[Site "chess.com INT"]
[Date "2025.06.10"]
[Round "2"]
[White "Mei, Austin"]
[Black "Onur, Cigdem"]
[Result "1-0"]
[WhiteTitle "FM"]
[BlackTitle "WCM"]
[WhiteElo "2280"]
[BlackElo "1956"]
[WhiteFideId "30948479"]
[BlackFideId "6346030"]
[EventDate "2025.06.10"]

1. e4 c5 2. Nf3 Nc6 3. Bb5 e6 4. O-O Nd4 5. a4 Nxb5 6. axb5 d6 7. d4 cxd4 8.
Qxd4 Nf6 9. Rd1 Be7 10. Nc3 b6 11. e5 dxe5 12. Qxe5 Bd7 13. Qg3 Nh5 14. Qg4 g6
15. Bh6 Bf8 16. Bxf8 Kxf8 17. Qd4 Nf6 18. Ne4 Nxe4 19. Qxh8+ Ke7 20. Qe5 Nf6 21.
Rd3 Nd5 22. Rad1 Qc7 1-0

[Event "Titled Tue 10th Jun Late"]
[Site "chess.com INT"]
[Date "2025.06.10"]
[Round "2"]
[White "Garcia Almaguer, Juan Manuel"]
[Black "Miserendino, Alfredo"]
[Result "1-0"]
[WhiteTitle "CM"]
[WhiteElo "2142"]
[BlackElo "2032"]
[WhiteFideId "5110491"]
[BlackFideId "101800"]
[EventDate "2025.06.10"]

1. d4 c5 2. d5 Nf6 3. Nc3 e6 4. e4 d6 5. a4 exd5 6. exd5 Be7 7. Nf3 O-O 8. Bd3
Re8 9. O-O Bg4 10. h3 Bxf3 11. Qxf3 Nbd7 12. Bf4 Bf8 13. Rfe1 a6 14. g4 h6 15.
a5 Rxe1+ 16. Rxe1 Qxa5 17. g5 hxg5 18. Bxg5 Re8 19. Rxe8 Nxe8 20. Qf5 Nef6 21.
Ne4 g6 22. Nxf6+ Nxf6 23. Qxf6 1-0

[Event "Titled Tue 10th Jun Late"]
[Site "chess.com INT"]
[Date "2025.06.10"]
[Round "2"]
[White "Cori Quispe, Kevin Joel"]
[Black "Lissillour, Baptiste"]
[Result "1-0"]
[WhiteTitle "GM"]
[BlackTitle "FM"]
[WhiteElo "2464"]
[BlackElo "2312"]
[WhiteFideId "3814017"]
[BlackFideId "45179620"]
[EventDate "2025.06.10"]

1. e4 d6 2. d4 Nf6 3. f3 e5 4. dxe5 dxe5 5. Qxd8+ Kxd8 6. Bc4 Ke8 7. Be3 Nbd7 8.
a4 Bc5 9. Kf2 Bxe3+ 10. Kxe3 a5 11. Nd2 Ke7 12. Nh3 Nc5 13. Nf2 c6 14. Nb3 Nxb3
15. Bxb3 Be6 16. Bxe6 Kxe6 17. Nd3 b6 18. Rhd1 Rhd8 19. Nf2 Nd7 20. Nd3 g6 21.
b3 f5 22. Nb2 b5 23. axb5 cxb5 24. Rd5 Rac8 25. c4 Nc5 26. Rxa5 Nxb3 27. Raxb5
Na1 28. Rxe5+ Kf6 29. exf5 Nc2+ 30. Kf4 g5+ 31. Kg3 Nd4 32. Ra5 h5 33. h4 gxh4+
34. Kxh4 Rg8 35. Kh3 h4 36. Red5 Rg3+ 37. Kh2 Rxf3 38. Ra6+ Kg5 39. gxf3 Nxf3+
40. Kg2 Kf4 41. Nd3+ Ke3 42. Re6+ Kd2 43. Kxf3 h3 44. Re2+ 1-0

[Event "Titled Tue 10th Jun Late"]
[Site "chess.com INT"]
[Date "2025.06.10"]
[Round "2"]
[White "Alazmi, Amani"]
[Black "Sharankov, Grigory"]
[Result "0-1"]
[WhiteTitle "WCM"]
[BlackTitle "CM"]
[WhiteElo "1725"]
[BlackElo "2238"]
[WhiteFideId "10303553"]
[BlackFideId "4168356"]
[EventDate "2025.06.10"]

1. c4 e5 2. g3 a6 3. Bg2 Bc5 4. e3 Ba7 5. Ne2 Nc6 6. O-O d6 7. a3 h5 8. h3 h4 9.
g4 f5 10. f3 Nf6 11. Qc2 Qe7 12. Kh2 e4 13. Nbc3 Ne5 14. fxe4 fxg4 15. Nd5 Nxd5
16. exd5 gxh3 17. Bxh3 Bxh3 18. Kxh3 O-O-O 19. d4 Qd7+ 20. Kh2 Ng4+ 21. Kh1 Rdf8
22. Bd2 Nf2+ 23. Rxf2 Rxf2 24. Nf4 Qg4 25. Rg1 Qf3+ 26. Rg2 h3 27. Qf5+ Kb8 0-1

[Event "Titled Tue 10th Jun Late"]
[Site "chess.com INT"]
[Date "2025.06.10"]
[Round "2"]
[White "Mesquita, Eduardo Barbosa"]
[Black "Demaria, Juan Pablo"]
[Result "0-1"]
[BlackTitle "FM"]
[WhiteElo "2014"]
[BlackElo "2215"]
[WhiteFideId "22757163"]
[BlackFideId "104922"]
[EventDate "2025.06.10"]

1. e4 g6 2. Nf3 Bg7 3. Nc3 d6 4. d4 Nd7 5. Bd3 c5 6. O-O cxd4 7. Nb5 Qb6 8. c3
dxc3 9. bxc3 Ngf6 10. Be3 Qd8 11. Bd4 a6 12. Na3 O-O 13. Rb1 Qc7 14. Qe2 Nc5 15.
Bc2 b5 16. e5 Nh5 17. exd6 exd6 18. Bxg7 Nxg7 19. c4 Re8 20. Qd2 b4 21. Qxb4 Bb7
22. Nd4 Rab8 23. Qc3 Ne4 24. Bxe4 Rxe4 25. Nac2 Rbe8 26. Ne3 Ba8 27. Rfc1 Qc5
28. Nb3 Qg5 29. g3 Nf5 30. Nxf5 Qxf5 31. Nd4 Qc5 32. Rd1 Qh5 33. Re1 Qe5 34.
Rxe4 Qxe4 0-1

[Event "Titled Tue 10th Jun Late"]
[Site "chess.com INT"]
[Date "2025.06.10"]
[Round "2"]
[White "Carlsen, Magnus"]
[Black "Povshednyi, Ivan"]
[Result "1-0"]
[WhiteTitle "GM"]
[BlackTitle "FM"]
[WhiteElo "2837"]
[BlackElo "2309"]
[WhiteFideId "1503014"]
[BlackFideId "14190907"]
[EventDate "2025.06.10"]

1. c4 e6 2. g3 d5 3. Bg2 Nf6 4. Nf3 Be7 5. O-O O-O 6. d3 c5 7. Ne5 Qc7 8. f4 Rd8
9. Nc3 a6 10. a4 d4 11. Ne4 Nxe4 12. dxe4 f6 13. Nd3 Bd7 14. e5 Bc6 15. Bh3 f5
16. g4 g6 17. a5 Nd7 18. Qe1 Kh8 19. Bd2 b6 20. axb6 Nxb6 21. b3 Bb7 22. Qg3 Rf8
23. Ba5 Qc6 24. Bg2 Qxg2+ 25. Qxg2 Bxg2 26. Kxg2 Rfb8 27. g5 Nd7 28. Ra3 Rb7 29.
Rfa1 Rab8 30. Be1 Rxb3 31. Rxa6 R3b6 32. Ra7 R8b7 33. R1a6 Kg7 34. Rxb6 Rxa7 35.
Rxe6 Kf7 36. Rc6 Nf8 37. e6+ Kg8 38. Ne5 Ra8 39. h4 Re8 40. Ba5 h5 41. Kf3 Ra8
42. Bb6 Re8 43. Nd7 1-0

[Event "Titled Tue 10th Jun Late"]
[Site "chess.com INT"]
[Date "2025.06.10"]
[Round "2"]
[White "Blom, Vincent"]
[Black "Ebrahimi Herab, Hamidreza"]
[Result "0-1"]
[WhiteTitle "FM"]
[BlackTitle "FM"]
[WhiteElo "2230"]
[BlackElo "2404"]
[WhiteFideId "1014358"]
[BlackFideId "22512888"]
[EventDate "2025.06.10"]

1. c4 Nf6 2. g3 g6 3. b3 Bg7 4. Bb2 O-O 5. Bg2 c6 6. Nf3 d5 7. O-O Bf5 8. d3 Re8
9. Nbd2 Qc8 10. Re1 Bh3 11. Bh1 h6 12. a3 Qd8 13. b4 a5 14. b5 Qb6 15. Qb3 Ng4
16. e3 dxc4 17. dxc4 a4 18. Qc2 cxb5 19. Bxg7 Kxg7 20. Rab1 Rc8 21. Qb2+ Qf6 22.
Qxf6+ exf6 23. Rxb5 Rc7 24. Nd4 Nc6 25. Rxb7 Rxb7 26. Bxc6 Rb2 27. Bxa8 Rxd2 28.
Ne2 Ra2 29. Bc6 Ne5 30. Bd5 Nd3 31. Nc3 Rc2 32. Rd1 Rxc3 33. Be4 Nc5 34. Bg2
Bxg2 35. Kxg2 Rxc4 36. Rd3 Nxd3 0-1

[Event "Titled Tue 10th Jun Late"]
[Site "chess.com INT"]
[Date "2025.06.10"]
[Round "2"]
[White "Venkatesh, Narayan"]
[Black "De Sousa, Antonio Micaias Silva"]
[Result "1-0"]
[WhiteTitle "FM"]
[WhiteElo "2168"]
[BlackElo "2007"]
[WhiteFideId "30987881"]
[BlackFideId "22798528"]
[EventDate "2025.06.10"]

1. Nf3 d5 2. g3 Nf6 3. Bg2 e6 4. O-O Be7 5. c4 O-O 6. cxd5 exd5 7. d3 c5 8. Nc3
Nc6 9. e4 d4 10. Ne2 b5 11. a4 bxa4 12. Qxa4 Bb7 13. Bd2 Nd7 14. Nf4 Nb6 15. Qc2
Bd6 16. Rfe1 Re8 17. Ne2 h6 18. Nc1 Qc7 19. Nb3 Nd7 20. Na5 Nxa5 21. Bxa5 Nb6
22. Nd2 Qd7 23. f4 Rac8 24. b3 h5 25. Nf3 Qb5 26. e5 Nd5 27. exd6 1-0

[Event "Titled Tue 10th Jun Late"]
[Site "chess.com INT"]
[Date "2025.06.10"]
[Round "2"]
[White "Pavlov, Nikolay"]
[Black "Azizoglu, Ferzan"]
[Result "1-0"]
[WhiteTitle "FM"]
[WhiteElo "2316"]
[BlackElo "2055"]
[WhiteFideId "24141470"]
[BlackFideId "6302726"]
[EventDate "2025.06.10"]

1. e4 c5 2. Nf3 d6 3. d4 cxd4 4. Nxd4 Nf6 5. Nc3 g6 6. Be3 Nc6 7. f3 h5 8. Qd2
Bg7 9. O-O-O Bd7 10. Kb1 a6 11. Be2 Rc8 12. h3 h4 13. Nxc6 Bxc6 14. Bg5 b5 15.
Qe1 b4 16. Nd5 Bxd5 17. exd5 a5 18. Bb5+ Kf8 19. Bxh4 Rc5 20. Bc6 a4 21. Bf2 a3
22. Qxb4 axb2 23. Bxc5 dxc5 24. Qxc5 Rh5 25. g4 Re5 26. Rhe1 Nd7 27. Bxd7 Qxd7
28. Rxe5 Bxe5 29. h4 Kg7 30. Qe3 Qc7 31. h5 Bf4 32. Qd4+ Be5 33. Qe4 g5 34. h6+ 1-0

[Event "Titled Tue 10th Jun Late"]
[Site "chess.com INT"]
[Date "2025.06.10"]
[Round "2"]
[White "Tsydypov, Zhamsaran"]
[Black "Vykouk, Jan"]
[Result "1-0"]
[WhiteTitle "GM"]
[BlackTitle "IM"]
[WhiteElo "2514"]
[BlackElo "2490"]
[WhiteFideId "4108566"]
[BlackFideId "349658"]
[EventDate "2025.06.10"]

1. e4 c5 2. Nf3 d6 3. d4 cxd4 4. Nxd4 Nf6 5. Nc3 g6 6. f3 Nc6 7. Be3 h5 8. Qd2
Nxd4 9. Qxd4 Bg7 10. Qd2 O-O 11. h3 Be6 12. O-O-O Rc8 13. Kb1 Qa5 14. Nd5 Qd8
15. g4 Bxd5 16. exd5 h4 17. Bg5 Rc5 18. c4 b5 19. Be3 bxc4 20. Bxc5 dxc5 21.
Bxc4 Qd6 22. Qh2 Qb6 23. d6 exd6 24. Rxd6 Qb4 25. Qc2 Rb8 26. Rhd1 Rb7 27. b3
Kh7 28. g5 Ne8 29. Rd8 Re7 30. Rxe8 Rxe8 31. Bxf7 Re6 32. Bxe6 Qf4 33. Qe4 Qh2
34. Qxh4+ 1-0

[Event "Titled Tue 10th Jun Late"]
[Site "chess.com INT"]
[Date "2025.06.10"]
[Round "2"]
[White "Uyanga, Byambaa"]
[Black "Hadzovic, Amir"]
[Result "0-1"]
[WhiteTitle "WFM"]
[BlackTitle "FM"]
[WhiteElo "2006"]
[BlackElo "2354"]
[WhiteFideId "2054906"]
[BlackFideId "14402300"]
[EventDate "2025.06.10"]

1. e4 e5 2. Nf3 Nc6 3. Bc4 Nf6 4. Ng5 d5 5. exd5 Nd4 6. c3 b5 7. Bf1 Nxd5 8.
cxd4 Qxg5 9. Bxb5+ Kd8 10. Qf3 Bb7 11. O-O Rb8 12. Qh3 Bc8 13. Qb3 Nf4 14. Qg3
Qf5 15. Qb3 Qg6 16. Qf3 Rxb5 17. Nc3 Bb7 18. Qg3 Rb6 19. dxe5 Bb4 20. Qxg6 Rxg6
21. g3 Nh3# 0-1

[Event "Titled Tue 10th Jun Late"]
[Site "chess.com INT"]
[Date "2025.06.10"]
[Round "2"]
[White "Ferreira, Vitor Hugo Vieira"]
[Black "Pakleza, Zbigniew"]
[Result "0-1"]
[BlackTitle "GM"]
[WhiteElo "2128"]
[BlackElo "2484"]
[WhiteFideId "2119765"]
[BlackFideId "1119290"]
[EventDate "2025.06.10"]

1. e4 d6 2. d4 Nf6 3. Nc3 c6 4. Nf3 Bg4 5. h3 Bh5 6. Be2 e6 7. O-O d5 8. exd5
cxd5 9. Ne5 Bxe2 10. Nxe2 Be7 11. Ng3 O-O 12. c3 Nc6 13. f4 g6 14. Be3 Qb6 15.
Qd2 Rfe8 16. Kh1 Rac8 17. f5 exf5 18. Nxf5 gxf5 19. Rxf5 Nxe5 20. dxe5 Ne4 21.
Qe1 Qg6 22. Rf3 Kh8 23. Bd4 Bc5 24. Rd1 Rg8 25. g4 Ng5 26. Re3 Ne6 27. Qf2 Bxd4
28. cxd4 Rc2 29. Qf3 Rxb2 30. Qxd5 Qc2 0-1

[Event "Titled Tue 10th Jun Late"]
[Site "chess.com INT"]
[Date "2025.06.10"]
[Round "2"]
[White "Fichter, Fabian"]
[Black "Szpar, Milosz"]
[Result "0-1"]
[WhiteTitle "FM"]
[BlackTitle "IM"]
[WhiteElo "2235"]
[BlackElo "2495"]
[WhiteFideId "24613258"]
[BlackFideId "1184989"]
[EventDate "2025.06.10"]

1. Nf3 b6 2. c4 Bb7 3. Nc3 Nf6 4. g3 g6 5. Bg2 Bg7 6. O-O O-O 7. Re1 d5 8. cxd5
Nxd5 9. e4 Nxc3 10. bxc3 c5 11. d4 cxd4 12. cxd4 Nc6 13. Bb2 Qd7 14. Qa4 Rfd8
15. Rad1 Rac8 16. Qb3 Na5 17. Qb4 Nc4 18. Bc3 a5 19. Qb3 b5 20. e5 Bd5 21. Qb1
Qc6 22. Qd3 Nxe5 23. dxe5 Qxc3 24. Qxc3 Rxc3 25. Ng5 e6 26. Bxd5 Rxd5 27. Rxd5
exd5 28. e6 fxe6 29. Rxe6 Rc8 30. Rb6 d4 31. Rxb5 Rd8 32. Kf1 d3 33. Ke1 Bc3+
34. Kd1 Re8 35. Nf3 Re2 36. Rb8+ Kg7 37. Rb7+ Kf6 38. Rb6+ Kf5 39. h3 Rxf2 40.
Nh4+ Ke4 41. Re6+ Kd5 0-1

[Event "Titled Tue 10th Jun Late"]
[Site "chess.com INT"]
[Date "2025.06.10"]
[Round "2"]
[White "Tokarz, Izabela"]
[Black "Przybylski, Bartosz"]
[Result "0-1"]
[WhiteTitle "WFM"]
[BlackTitle "CM"]
[WhiteElo "2054"]
[BlackElo "2101"]
[WhiteFideId "21849170"]
[BlackFideId "21878323"]
[EventDate "2025.06.10"]

1. d4 d6 2. e4 Nf6 3. Nc3 e5 4. Nf3 Nbd7 5. Bc4 Be7 6. O-O O-O 7. h3 c6 8. Re1
h6 9. Be3 Re8 10. dxe5 dxe5 11. Qe2 Qc7 12. Rad1 b5 13. Bb3 a5 14. a4 b4 15. Nb1
Nf8 16. Nbd2 Be6 17. Bxe6 Nxe6 18. Qc4 Red8 19. Nb3 Nh5 20. Nc5 Nxc5 21. Bxc5
Nf4 22. Bxe7 Qxe7 23. Qxc6 Rdc8 24. Qb5 Rxc2 25. Rd7 Qf6 26. Qxe5 Nxh3+ 27. Kh2
Nxf2 28. Qxf6 Ng4+ 29. Kg3 Nxf6 30. Rb7 Rxb2 31. e5 Nh5+ 32. Kh2 Nf4 33. Nh4 Rd8
34. Nf5 Rxg2+ 35. Kh1 Rdd2 36. Nh4 Rh2+ 37. Kg1 Nh3+ 38. Kf1 Rdf2# 0-1

[Event "Titled Tue 10th Jun Late"]
[Site "chess.com INT"]
[Date "2025.06.10"]
[Round "2"]
[White "Haddouche, Mohamed"]
[Black "Sarkar, Justin"]
[Result "1-0"]
[WhiteTitle "GM"]
[BlackTitle "IM"]
[WhiteElo "2490"]
[BlackElo "2284"]
[WhiteFideId "7900660"]
[BlackFideId "2010011"]
[EventDate "2025.06.10"]

1. e4 c5 2. Nf3 d6 3. d4 cxd4 4. Qxd4 Nf6 5. c4 Nc6 6. Qe3 g6 7. h3 Bg7 8. Nc3
O-O 9. Be2 Nd7 10. O-O Nc5 11. Rd1 f5 12. exf5 Bxf5 13. Nb5 Rc8 14. Nbd4 Nxd4
15. Nxd4 Qd7 16. b4 Ne6 17. Bb2 Nxd4 18. Bxd4 Bxd4 19. Rxd4 e5 20. Rd2 Be6 21.
c5 Qa4 22. Rxd6 Bf7 23. a3 a5 24. Qc3 1-0

[Event "Titled Tue 10th Jun Late"]
[Site "chess.com INT"]
[Date "2025.06.10"]
[Round "2"]
[White "Doric, Darko"]
[Black "Nalbandyan, Vahan"]
[Result "1-0"]
[WhiteTitle "IM"]
[BlackTitle "CM"]
[WhiteElo "2444"]
[BlackElo "2155"]
[WhiteFideId "14507200"]
[BlackFideId "13309439"]
[EventDate "2025.06.10"]

1. d4 Nf6 2. Bg5 Ne4 3. Bf4 g5 4. Bc1 e6 5. f3 Nd6 6. e4 Bg7 7. c4 Nc6 8. Be3 g4
9. Nc3 f5 10. e5 Nf7 11. f4 d5 12. Qd2 a6 13. O-O-O dxc4 14. Bxc4 b5 15. d5 Na5
16. Bf1 exd5 17. Nxd5 Be6 18. Nf6+ Bxf6 19. Qxa5 Qxd1+ 20. Kxd1 Rd8+ 21. Kc1 Be7
22. Ne2 O-O 23. Nd4 Bc5 24. Nxe6 Bxe3+ 25. Kc2 Rd6 26. exd6 1-0

[Event "Titled Tue 10th Jun Late"]
[Site "chess.com INT"]
[Date "2025.06.10"]
[Round "2"]
[White "Saidov, Bilukhadzh"]
[Black "Kornienko, Konstantin"]
[Result "0-1"]
[WhiteTitle "FM"]
[BlackTitle "CM"]
[WhiteElo "2309"]
[BlackElo "2141"]
[WhiteFideId "34165476"]
[BlackFideId "34400419"]
[EventDate "2025.06.10"]

1. d4 Nf6 2. Nf3 c5 3. d5 d6 4. Nc3 g6 5. Nd2 Bg7 6. e4 O-O 7. a4 e6 8. Be2 exd5
9. exd5 Re8 10. O-O Nbd7 11. Nc4 Ne5 12. Nxe5 Rxe5 13. Bf4 Re8 14. Bb5 Re7 15.
Qd2 a6 16. Bd3 Nh5 17. Bg5 Bf6 18. Bh6 Bg7 19. Rfe1 Bxh6 20. Qxh6 Bd7 21. Ne4
Qe8 22. Qd2 Qf8 23. a5 Rae8 24. Nc3 f5 25. b3 Qf6 26. Rxe7 Qxe7 27. Kf1 Qh4 28.
h3 Qb4 29. Nb1 Qd4 30. c3 Qe5 31. Na3 Qh2 0-1

[Event "Titled Tue 10th Jun Late"]
[Site "chess.com INT"]
[Date "2025.06.10"]
[Round "2"]
[White "Leschinsky, Gary"]
[Black "Winkels, Marcel"]
[Result "1/2-1/2"]
[BlackTitle "CM"]
[WhiteElo "1992"]
[BlackElo "1905"]
[WhiteFideId "30951321"]
[BlackFideId "1003887"]
[EventDate "2025.06.10"]

1. Nf3 Nf6 2. c4 g6 3. Nc3 d5 4. cxd5 Nxd5 5. d4 Nxc3 6. bxc3 Bg7 7. e3 O-O 8.
Bd3 c5 9. O-O Nc6 10. Rb1 cxd4 11. cxd4 b6 12. Qe2 a6 13. Bb2 Bb7 14. Rfc1 b5
15. Rc5 Nb4 16. a3 Nxd3 17. Qxd3 Bxf3 18. gxf3 e5 19. d5 Qg5+ 20. Kh1 Qh5 21. e4
f5 22. Rc7 fxe4 23. Qxe4 Qxf3+ 24. Qxf3 Rxf3 25. Re1 Re8 26. d6 Rd8 27. Bxe5
Bxe5 28. Rxe5 Rxd6 29. Re8+ Rf8 30. Ree7 Rxf2 31. Kg1 Rf5 32. Rg7+ Kf8 33. Rxh7
Rd1+ 34. Kg2 Rd2+ 35. Kg3 Rd3+ 36. Kg2 Rd2+ 37. Kg3 Rd3+ 38. Kg2 Rd2+ 1/2-1/2

[Event "Titled Tue 10th Jun Late"]
[Site "chess.com INT"]
[Date "2025.06.10"]
[Round "2"]
[White "Gokerkan, Cem Kaan"]
[Black "Khanbutaev, Artemii"]
[Result "1-0"]
[WhiteTitle "GM"]
[WhiteElo "2489"]
[BlackElo "2139"]
[WhiteFideId "6336760"]
[BlackFideId "55747175"]
[EventDate "2025.06.10"]

1. e4 e5 2. Nf3 Nc6 3. Bc4 Nf6 4. Ng5 d5 5. exd5 b5 6. Bf1 Nxd5 7. Bxb5 Bb7 8.
d4 exd4 9. O-O Be7 10. Qh5 g6 11. Qh6 Qd7 12. Re1 O-O-O 13. Nxf7 Bb4 14. Nxd8
Bxe1 15. Nxb7 Re8 16. Na3 Qf5 17. Qh4 Re4 18. Qg3 Rg4 19. Bd3 Qe6 20. Nc5 Rxg3
21. Nxe6 Rg4 22. h3 1-0

[Event "Titled Tue 10th Jun Late"]
[Site "chess.com INT"]
[Date "2025.06.10"]
[Round "2"]
[White "Lesovoi, Evgenij"]
[Black "Dilanyan, Grigor"]
[Result "1-0"]
[WhiteTitle "FM"]
[BlackTitle "FM"]
[WhiteElo "2234"]
[BlackElo "2191"]
[WhiteFideId "24164135"]
[BlackFideId "13303570"]
[EventDate "2025.06.10"]

1. d4 Nf6 2. c4 c5 3. d5 b5 4. cxb5 a6 5. e3 g6 6. Nc3 Bg7 7. a4 O-O 8. e4 Bb7
9. Nf3 e6 10. Bg5 h6 11. Bh4 g5 12. Bg3 exd5 13. exd5 Re8+ 14. Be2 axb5 15. Nxb5
Qa5+ 16. Kf1 Ba6 17. Rc1 Rxe2 18. Kxe2 Bxb5+ 19. axb5 Qxb5+ 20. Qd3 Qxb2+ 21.
Rc2 Qb4 22. Rhc1 Na6 23. Kf1 Re8 24. Qxa6 Ne4 25. Qc4 g4 26. Qxb4 cxb4 27. Nd2
b3 28. Nxb3 h5 29. Nc5 Nxg3+ 30. hxg3 d6 31. Nd3 1-0

[Event "Titled Tue 10th Jun Late"]
[Site "chess.com INT"]
[Date "2025.06.10"]
[Round "2"]
[White "Barseghyan, Armen Ar."]
[Black "Sargsyan, Shant"]
[Result "0-1"]
[WhiteTitle "IM"]
[BlackTitle "GM"]
[WhiteElo "2348"]
[BlackElo "2669"]
[WhiteFideId "13306707"]
[BlackFideId "13306766"]
[EventDate "2025.06.10"]

1. Nf3 g6 2. d4 Nf6 3. g3 Bg7 4. Bg2 O-O 5. O-O d6 6. Nc3 Bf5 7. Nh4 Bc8 8. e4
Nc6 9. d5 Ne5 10. h3 c6 11. Rb1 cxd5 12. exd5 Bd7 13. b3 Rc8 14. Bb2 Qa5 15. f4
Rxc3 16. fxe5 dxe5 17. Bxc3 Qxc3 18. Qd3 Rc8 19. Qxc3 Rxc3 20. Rf2 e4 21. Rd2
Bh6 22. Rdd1 Rxc2 23. d6 e5 24. Rf1 Kg7 25. a4 Rc6 26. Rbd1 Be3+ 27. Kh1 Bd4 28.
g4 h6 29. Rxf6 Kxf6 30. Bxe4 Rxd6 31. Bxb7 Rb6 32. Bd5 Be6 33. Bxe6 Kxe6 34. Nf3
Rxb3 35. Nxd4+ exd4 36. Rxd4 Rxh3+ 37. Kg2 Ra3 38. Rb4 Kf6 39. Rc4 Kg5 40. Rb4
h5 41. gxh5 Kxh5 42. Rb5+ f5 43. Ra5 Kg4 44. Rxa7 Ra2+ 45. Kf1 f4 46. a5 Kf3 47.
Kg1 g5 48. a6 g4 49. Rb7 Ra1+ 0-1